000 00353nam a2200157Ia 4500
008 231217s9999 xx 000 0 und d
041 _aEnglish
082 _a001.6424WIN GOO
100 _aGookin, Dan
245 0 _aWindows 95 handbook
250 _a1st ed.
260 _c1995
_bComdex
300 _axix+590
650 _aWindows
942 _cAA
999 _c164348
_d164348